[Event "English Schools Championship Final 2024"]
[Site "Nottingham University Kings Meadow Campus, United Kingdom"]
[Date "2024.06.27"]
[Round "1.26"]
[White "Zakarian, Dimitrios Levon"]
[Black "Crompton, Josh"]
[Result "1-0"]
[TimeControl "G50' + 10\" per move."]
[WhiteFideId "453080"]
[BlackFideId "343415342"]
[WhiteElo "2096"]
[BlackElo "1662"]

1. d4 {[%clk 00:50:18]} {[%emt 00:00:01]} f5 {[%clk 00:50:15]} {[%emt
00:00:06]} 2. Bg5 {[%clk 00:50:22]} {[%emt 00:00:05]} g6 {[%clk 00:49:46]}
{[%emt 00:00:39]} 3. Nc3 {[%clk 00:50:02]} {[%emt 00:00:30]} Bg7 {[%clk
00:49:28]} {[%emt 00:00:29]} 4. e4 {[%clk 00:49:32]} {[%emt 00:00:41]} d6
{[%clk 00:48:19]} {[%emt 00:01:19]} 5. Bc4 {[%clk 00:48:28]} {[%emt 00:01:13]}
Nc6 {[%clk 00:45:31]} {[%emt 00:02:58]} 6. Nf3 {[%clk 00:44:39]} {[%emt
00:03:59]} h6 {[%clk 00:40:44]} {[%emt 00:04:57]} 7. Be3 {[%clk 00:44:23]}
{[%emt 00:00:25]} e5 {[%clk 00:39:44]} {[%emt 00:01:11]} 8. dxe5 {[%clk
00:42:14]} {[%emt 00:02:19]} Nxe5 {[%clk 00:39:02]} {[%emt 00:00:51]} 9. Nxe5
{[%clk 00:42:06]} {[%emt 00:00:18]} Bxe5 {[%clk 00:38:56]} {[%emt 00:00:17]} 10.
Bd4 {[%clk 00:33:29]} {[%emt 00:08:47]} Bxd4 {[%clk 00:35:49]} {[%emt
00:03:17]} 11. Qxd4 {[%clk 00:33:30]} {[%emt 00:00:08]} Qf6 {[%clk 00:35:39]}
{[%emt 00:00:20]} 12. O-O-O {[%clk 00:31:23]} {[%emt 00:02:16]} Qxd4 {[%clk
00:34:05]} {[%emt 00:01:45]} 13. Rxd4 {[%clk 00:29:19]} {[%emt 00:02:14]} Ne7
{[%clk 00:30:04]} {[%emt 00:04:12]} 14. exf5 {[%clk 00:19:51]} {[%emt
00:09:39]} Bxf5 {[%clk 00:29:34]} {[%emt 00:00:40]} 15. Re1 {[%clk 00:19:35]}
{[%emt 00:00:25]} Kd7 {[%clk 00:28:55]} {[%emt 00:00:50]} 16. g4 {[%clk
00:19:14]} {[%emt 00:00:31]} c5 {[%clk 00:20:50]} {[%emt 00:08:14]} 17. Rf4
{[%clk 00:19:14]} {[%emt 00:00:10]} g5 {[%clk 00:19:12]} {[%emt 00:01:49]} 18.
Rf3 {[%clk 00:18:50]} {[%emt 00:00:33]} Bg6 {[%clk 00:15:55]} {[%emt 00:03:28]}
19. Bb5+ {[%clk 00:15:18]} {[%emt 00:03:42]} Nc6 {[%clk 00:14:59]} {[%emt
00:01:06]} 20. Rf6 {[%clk 00:14:47]} {[%emt 00:00:42]} Rae8 {[%clk 00:12:14]}
{[%emt 00:02:55]} 21. Rxe8 {[%clk 00:14:17]} {[%emt 00:00:39]} Bxe8 {[%clk
00:12:13]} {[%emt 00:00:12]} 22. Bxc6+ {[%clk 00:13:47]} {[%emt 00:00:41]} bxc6
{[%clk 00:11:13]} {[%emt 00:01:09]} 23. Ne4 {[%clk 00:13:29]} {[%emt 00:00:28]}
h5 {[%clk 00:09:05]} {[%emt 00:02:19]} 24. Rxd6+ {[%clk 00:12:24]} {[%emt
00:01:14]} Kc7 {[%clk 00:08:53]} {[%emt 00:00:21]} 25. h3 {[%clk 00:12:16]}
{[%emt 00:00:18]} hxg4 {[%clk 00:08:24]} {[%emt 00:00:39]} 26. hxg4 {[%clk
00:12:25]} {[%emt 00:00:02]} Rh1+ {[%clk 00:07:08]} {[%emt 00:01:26]} 27. Rd1
{[%clk 00:11:10]} {[%emt 00:01:24]} Rh4 {[%clk 00:05:53]} {[%emt 00:01:26]} 28.
f3 {[%clk 00:10:45]} {[%emt 00:00:35]} Bg6 {[%clk 00:05:01]} {[%emt 00:01:01]}
29. Nxc5 {[%clk 00:10:24]} {[%emt 00:00:31]} Rh2 {[%clk 00:04:36]} {[%emt
00:00:35]} 30. Nd3 {[%clk 00:10:18]} {[%emt 00:00:15]} c5 {[%clk 00:04:10]}
{[%emt 00:00:37]} 31. b3 {[%clk 00:10:10]} {[%emt 00:00:18]} Rh3 {[%clk
00:03:50]} {[%emt 00:00:31]} 32. Ne5 {[%clk 00:09:21]} {[%emt 00:00:59]} Bh7
{[%clk 00:03:46]} {[%emt 00:00:15]} 33. Rd2 {[%clk 00:09:21]} {[%emt 00:00:09]}
Rh1+ {[%clk 00:03:45]} {[%emt 00:00:12]} 34. Kb2 {[%clk 00:09:25]} {[%emt
00:00:05]} Re1 {[%clk 00:03:51]} {[%emt 00:00:04]} 35. Rd7+ {[%clk 00:08:54]}
{[%emt 00:00:41]} Kc8 {[%clk 00:04:00]} {[%emt 00:00:01]} 36. Rxh7 {[%clk
00:08:55]} {[%emt 00:00:09]} Rxe5 {[%clk 00:04:09]} {[%emt 00:00:01]} 37. Rxa7
{[%clk 00:08:54]} {[%emt 00:00:11]} Re3 {[%clk 00:04:05]} {[%emt 00:00:15]} 38.
Rf7 {[%clk 00:08:56]} {[%emt 00:00:07]} 1-0

[Event "English Schools Championship Final 2024"]
[Site "Nottingham University Kings Meadow Campus, United Kingdom"]
[Date "2024.06.27"]
[Round "1.27"]
[White "Stephens, Scott"]
[Black "Masacorale, Jamie"]
[Result "1/2-1/2"]
[TimeControl "G50' + 10\" per move."]
[WhiteFideId "343427626"]
[BlackFideId "490512"]
[WhiteElo "1613"]
[BlackElo "1551"]

1. e4 {[%clk 00:50:17]} {[%emt 00:00:02]} g6 {[%clk 00:50:15]} {[%emt
00:00:05]} 2. d4 {[%clk 00:50:15]} {[%emt 00:00:12]} Bg7 {[%clk 00:50:20]}
{[%emt 00:00:05]} 3. Nf3 {[%clk 00:50:03]} {[%emt 00:00:23]} d6 {[%clk
00:50:22]} {[%emt 00:00:08]} 4. Be2 {[%clk 00:49:22]} {[%emt 00:00:51]} a6
{[%clk 00:50:20]} {[%emt 00:00:12]} 5. O-O {[%clk 00:48:56]} {[%emt 00:00:36]}
b5 {[%clk 00:50:25]} {[%emt 00:00:05]} 6. Be3 {[%clk 00:46:58]} {[%emt
00:02:07]} Bb7 {[%clk 00:49:33]} {[%emt 00:01:03]} 7. Nbd2 {[%clk 00:44:09]}
{[%emt 00:02:59]} Nd7 {[%clk 00:49:18]} {[%emt 00:00:24]} 8. c3 {[%clk
00:40:32]} {[%emt 00:03:46]} e6 {[%clk 00:45:19]} {[%emt 00:04:09]} 9. Rc1
{[%clk 00:36:09]} {[%emt 00:04:33]} c5 {[%clk 00:34:12]} {[%emt 00:11:18]} 10.
Bd3 {[%clk 00:29:06]} {[%emt 00:07:12]} c4 {[%clk 00:27:26]} {[%emt 00:06:56]}
11. Bc2 {[%clk 00:28:48]} {[%emt 00:00:28]} Ne7 {[%clk 00:26:32]} {[%emt
00:01:05]} 12. Re1 {[%clk 00:27:26]} {[%emt 00:01:32]} O-O {[%clk 00:25:37]}
{[%emt 00:01:05]} 13. Nf1 {[%clk 00:26:38]} {[%emt 00:00:57]} Nb6 {[%clk
00:23:24]} {[%emt 00:02:24]} 14. Ng3 {[%clk 00:23:51]} {[%emt 00:02:56]} a5
{[%clk 00:22:16]} {[%emt 00:01:19]} 15. Qd2 {[%clk 00:16:14]} {[%emt 00:07:47]}
Qc7 {[%clk 00:18:24]} {[%emt 00:04:02]} 16. Bh6 {[%clk 00:13:49]} {[%emt
00:02:35]} Rfd8 {[%clk 00:15:06]} {[%emt 00:03:29]} 17. Bxg7 {[%clk 00:10:49]}
{[%emt 00:03:10]} Kxg7 {[%clk 00:15:14]} {[%emt 00:00:02]} 1/2-1/2

[Event "English Schools Championship Final 2024"]
[Site "Nottingham University Kings Meadow Campus, United Kingdom"]
[Date "2024.06.27"]
[Round "1.28"]
[White "Li, Reya"]
[Black "Willsher-Hughes, Tobias"]
[Result "1-0"]
[TimeControl "G50' + 10\" per move."]
[WhiteFideId "486892"]
[BlackFideId "343428550"]
[WhiteElo "1859"]
[BlackElo "1779"]

1. e4 {[%clk 00:50:18]} {[%emt 00:00:01]} d5 {[%clk 00:50:13]} {[%emt
00:00:08]} 2. exd5 {[%clk 00:50:22]} {[%emt 00:00:05]} Qxd5 {[%clk 00:50:07]}
{[%emt 00:00:08]} 3. Nc3 {[%clk 00:50:30]} {[%emt 00:00:10]} Qd6 {[%clk
00:49:22]} {[%emt 00:00:55]} 4. d4 {[%clk 00:50:32]} {[%emt 00:00:08]} Nf6
{[%clk 00:49:07]} {[%emt 00:00:26]} 5. Nf3 {[%clk 00:50:25]} {[%emt 00:00:17]}
Bg4 {[%clk 00:48:49]} {[%emt 00:00:28]} 6. Be2 {[%clk 00:50:31]} {[%emt
00:00:04]} e6 {[%clk 00:48:17]} {[%emt 00:00:41]} 7. Bg5 {[%clk 00:49:50]}
{[%emt 00:00:49]} Be7 {[%clk 00:47:50]} {[%emt 00:00:40]} 8. Qd2 {[%clk
00:49:21]} {[%emt 00:00:39]} a6 {[%clk 00:47:36]} {[%emt 00:00:24]} 9. Bf4
{[%clk 00:48:28]} {[%emt 00:01:03]} Qd7 {[%clk 00:46:41]} {[%emt 00:01:04]} 10.
Ne5 {[%clk 00:48:15]} {[%emt 00:00:24]} Qd8 {[%clk 00:45:09]} {[%emt 00:01:38]}
11. Nxg4 {[%clk 00:48:14]} {[%emt 00:00:15]} Bb4 {[%clk 00:44:56]} {[%emt
00:00:23]} 12. Nxf6+ {[%clk 00:47:49]} {[%emt 00:00:35]} Qxf6 {[%clk 00:44:49]}
{[%emt 00:00:16]} 13. Bg3 {[%clk 00:46:03]} {[%emt 00:01:57]} Nc6 {[%clk
00:44:03]} {[%emt 00:00:56]} 14. a3 {[%clk 00:37:27]} {[%emt 00:08:46]} Bd6
{[%clk 00:42:29]} {[%emt 00:01:44]} 15. Bxd6 {[%clk 00:37:04]} {[%emt
00:00:33]} cxd6 {[%clk 00:42:28]} {[%emt 00:00:10]} 16. Rd1 {[%clk 00:36:22]}
{[%emt 00:00:53]} Ne7 {[%clk 00:42:12]} {[%emt 00:00:27]} 17. Ne4 {[%clk
00:33:49]} {[%emt 00:02:42]} Qg6 {[%clk 00:41:07]} {[%emt 00:01:16]} 18. Nxd6+
{[%clk 00:32:12]} {[%emt 00:01:48]} Kf8 {[%clk 00:40:33]} {[%emt 00:00:43]} 19.
O-O {[%clk 00:31:51]} {[%emt 00:00:30]} b5 {[%clk 00:39:50]} {[%emt 00:00:53]}
20. Bf3 {[%emt 00:01:21]} Rd8 {[%clk 00:39:16]} 21. Ne4 {[%clk 00:30:14]}
{[%emt 00:01:19]} Nf5 {[%clk 00:38:01]} {[%emt 00:01:25]} 22. Qg5 {[%clk
00:27:31]} {[%emt 00:02:54]} Rxd4 {[%clk 00:36:58]} {[%emt 00:01:14]} 23. Rxd4
{[%clk 00:26:25]} {[%emt 00:01:16]} Qxg5 {[%clk 00:36:57]} {[%emt 00:00:11]} 24.
Nxg5 {[%clk 00:26:29]} {[%emt 00:00:05]} Nxd4 {[%clk 00:36:56]} {[%emt
00:00:12]} 25. Rd1 {[%clk 00:26:29]} {[%emt 00:00:10]} Nxf3+ {[%clk 00:35:48]}
{[%emt 00:01:19]} 26. Nxf3 {[%clk 00:26:21]} {[%emt 00:00:17]} Ke7 {[%clk
00:35:53]} {[%emt 00:00:05]} 27. Kf1 {[%clk 00:25:26]} {[%emt 00:01:05]} f6
{[%clk 00:35:33]} {[%emt 00:00:30]} 28. Nd4 {[%clk 00:25:19]} {[%emt 00:00:16]}
Rc8 {[%clk 00:35:25]} {[%emt 00:00:13]} 29. b4 {[%clk 00:24:21]} {[%emt
00:01:04]} Rc3 {[%clk 00:34:57]} {[%emt 00:00:47]} 30. Rd3 {[%clk 00:24:22]}
{[%emt 00:00:08]} Rc8 {[%clk 00:33:51]} {[%emt 00:01:16]} 31. Ke2 {[%clk
00:22:11]} {[%emt 00:02:22]} g5 {[%clk 00:33:04]} {[%emt 00:00:57]} 32. Kd2
{[%clk 00:22:02]} {[%emt 00:00:18]} h5 {[%clk 00:32:59]} {[%emt 00:00:16]} 33.
Nb3 {[%clk 00:21:53]} {[%emt 00:00:18]} Ra8 {[%clk 00:31:50]} {[%emt 00:01:20]}
34. Nc5 {[%clk 00:21:48]} {[%emt 00:00:15]} Ra7 {[%clk 00:31:46]} {[%emt
00:00:14]} 35. Re3 {[%clk 00:21:27]} {[%emt 00:00:30]} e5 {[%clk 00:31:23]}
{[%emt 00:00:33]} 36. Rh3 {[%clk 00:21:21]} {[%emt 00:00:16]} h4 {[%clk
00:30:21]} {[%emt 00:01:13]} 37. g3 {[%clk 00:21:20]} {[%emt 00:00:12]} Ra8
{[%clk 00:29:04]} {[%emt 00:01:26]} 38. gxh4 {[%clk 00:21:03]} {[%emt
00:00:27]} g4 {[%clk 00:28:46]} {[%emt 00:00:29]} 39. Rd3 {[%clk 00:20:50]}
{[%emt 00:00:22]} Kf7 {[%clk 00:28:36]} {[%emt 00:00:20]} 40. h3 {[%clk
00:20:39]} {[%emt 00:00:21]} gxh3 {[%clk 00:28:14]} {[%emt 00:00:31]} 41. Rxh3
{[%clk 00:20:43]} {[%emt 00:00:06]} Rd8+ {[%clk 00:28:06]} {[%emt 00:00:18]} 42.
Rd3 {[%clk 00:20:28]} {[%emt 00:00:25]} Rh8 {[%clk 00:27:46]} {[%emt 00:00:30]}
43. Nxa6 {[%clk 00:19:30]} {[%emt 00:01:08]} Rxh4 {[%clk 00:27:40]} {[%emt
00:00:16]} 44. Nc7 {[%clk 00:19:20]} {[%emt 00:00:19]} Rh2 {[%clk 00:27:12]}
{[%emt 00:00:39]} 45. Ke2 {[%clk 00:18:49]} {[%emt 00:00:40]} Kg6 {[%clk
00:27:07]} {[%emt 00:00:16]} 46. Nxb5 {[%clk 00:18:39]} {[%emt 00:00:20]} Kg5
{[%clk 00:26:51]} {[%emt 00:00:27]} 47. Nd6 {[%clk 00:18:16]} {[%emt 00:00:33]}
Rh4 {[%clk 00:26:40]} {[%emt 00:00:20]} 48. Rg3+ {[%clk 00:17:13]} {[%emt
00:01:13]} Kf4 {[%clk 00:26:20]} {[%emt 00:00:29]} 49. c4 {[%clk 00:16:02]}
{[%emt 00:01:20]} f5 {[%clk 00:25:59]} {[%emt 00:00:32]} 50. Rf3+ {[%clk
00:16:00]} {[%emt 00:00:13]} 1-0

[Event "English Schools Championship Final 2024"]
[Site "Nottingham University Kings Meadow Campus, United Kingdom"]
[Date "2024.06.27"]
[Round "1.29"]
[White "Mathey, Ruben"]
[Black "Sui, Yueyue"]
[Result "0-1"]
[TimeControl "G50' + 10\" per move."]
[BlackFideId "343411924"]
[WhiteElo "1670"]
[BlackElo "1786"]

1. d4 {[%clk 00:50:18]} Nf6 {[%clk 00:50:16]} {[%emt 00:00:05]} 2. Bf4 {[%clk
00:50:16]} {[%emt 00:00:11]} d5 {[%clk 00:50:22]} {[%emt 00:00:05]} 3. e3
{[%clk 00:50:22]} {[%emt 00:00:04]} c5 {[%clk 00:50:15]} {[%emt 00:00:17]} 4.
c3 {[%clk 00:50:26]} {[%emt 00:00:07]} Nc6 {[%clk 00:50:16]} {[%emt 00:00:09]}
5. Nf3 {[%clk 00:50:28]} {[%emt 00:00:07]} Qb6 {[%clk 00:50:12]} {[%emt
00:00:13]} 6. Qc2 {[%clk 00:50:27]} {[%emt 00:00:11]} Nh5 {[%clk 00:49:31]}
{[%emt 00:00:51]} 7. Bg3 {[%clk 00:50:19]} {[%emt 00:00:18]} Nxg3 {[%clk
00:48:49]} {[%emt 00:00:52]} 8. hxg3 {[%clk 00:50:26]} {[%emt 00:00:03]} e6
{[%clk 00:48:16]} {[%emt 00:00:44]} 9. Nbd2 {[%clk 00:50:20]} {[%emt 00:00:16]}
Be7 {[%clk 00:47:54]} {[%emt 00:00:32]} 10. O-O-O {[%clk 00:50:12]} {[%emt
00:00:18]} h6 {[%clk 00:47:21]} {[%emt 00:00:42]} 11. g4 {[%clk 00:50:02]}
{[%emt 00:00:20]} g5 {[%clk 00:43:46]} {[%emt 00:03:45]} 12. dxc5 {[%clk
00:48:08]} {[%emt 00:02:04]} Qxc5 {[%clk 00:43:22]} {[%emt 00:00:33]} 13. Nb3
{[%clk 00:47:32]} {[%emt 00:00:46]} Qb6 {[%clk 00:43:14]} {[%emt 00:00:17]} 14.
Nfd4 {[%clk 00:43:02]} {[%emt 00:04:41]} Bd7 {[%clk 00:41:36]} {[%emt
00:01:48]} 15. f4 {[%clk 00:42:08]} {[%emt 00:01:03]} O-O-O {[%clk 00:39:43]}
{[%emt 00:02:04]} 16. f5 {[%clk 00:39:09]} {[%emt 00:03:09]} exf5 {[%clk
00:35:05]} {[%emt 00:04:48]} 17. gxf5 {[%clk 00:38:05]} {[%emt 00:01:14]} Bf6
{[%clk 00:34:09]} {[%emt 00:01:06]} 18. Nb5 {[%clk 00:36:45]} {[%emt 00:01:30]}
Qxe3+ {[%clk 00:33:27]} {[%emt 00:00:52]} 19. Kb1 {[%clk 00:36:19]} {[%emt
00:00:36]} Be8 {[%clk 00:31:57]} {[%emt 00:01:41]} 20. c4 {[%clk 00:34:43]}
{[%emt 00:01:46]} Nb4 {[%clk 00:29:49]} {[%emt 00:02:18]} 21. Qe2 {[%clk
00:33:37]} {[%emt 00:01:15]} Qxe2 {[%clk 00:28:29]} {[%emt 00:01:30]} 22. Bxe2
{[%clk 00:33:26]} {[%emt 00:00:21]} a6 {[%clk 00:26:22]} {[%emt 00:02:18]} 23.
N5d4 {[%clk 00:32:00]} {[%emt 00:01:34]} dxc4 {[%clk 00:22:45]} {[%emt
00:03:48]} 24. Bxc4 {[%clk 00:31:38]} {[%emt 00:00:32]} b5 {[%clk 00:21:07]}
{[%emt 00:01:48]} 25. Be2 {[%clk 00:30:01]} {[%emt 00:01:44]} Nc6 {[%clk
00:20:01]} {[%emt 00:01:18]} 26. Nxc6 {[%clk 00:29:33]} {[%emt 00:00:39]} Bxc6
{[%clk 00:19:53]} {[%emt 00:00:18]} 27. Rc1 {[%clk 00:29:33]} {[%emt 00:00:10]}
Rd6 {[%clk 00:16:55]} {[%emt 00:03:09]} 28. Na5 {[%clk 00:28:36]} {[%emt
00:01:06]} Kd7 {[%clk 00:15:43]} {[%emt 00:01:22]} 29. Nxc6 {[%clk 00:25:50]}
{[%emt 00:02:56]} Rxc6 {[%clk 00:15:31]} {[%emt 00:00:21]} 30. Rxc6 {[%clk
00:24:49]} Kxc6 {[%clk 00:15:37]} {[%emt 00:01:16]} 31. a4 {[%clk 00:24:49]}
{[%emt 00:00:10]} Kb6 {[%clk 00:15:07]} {[%emt 00:00:40]} 32. axb5 {[%clk
00:24:15]} {[%emt 00:00:44]} axb5 {[%clk 00:14:49]} {[%emt 00:00:28]} 33. Rd1
{[%clk 00:23:59]} {[%emt 00:00:25]} Kc5 {[%clk 00:07:56]} {[%emt 00:07:03]} 34.
Bh5 {[%clk 00:23:15]} {[%emt 00:00:54]} Re8 {[%clk 00:07:04]} {[%emt 00:01:03]}
35. Bxf7 {[%clk 00:22:50]} {[%emt 00:00:35]} Re2 {[%clk 00:06:46]} {[%emt
00:00:27]} 36. g4 {[%clk 00:20:45]} {[%emt 00:02:16]} Rxb2+ {[%clk 00:06:42]}
{[%emt 00:00:14]} 37. Kc1 {[%clk 00:20:46]} {[%emt 00:00:08]} Rg2 {[%clk
00:05:30]} {[%emt 00:01:20]} 38. Rh1 {[%clk 00:19:56]} {[%emt 00:01:01]} Bg7
{[%clk 00:04:42]} {[%emt 00:00:58]} 39. Bh5 {[%clk 00:19:11]} {[%emt 00:00:55]}
Kc4 {[%clk 00:04:35]} {[%emt 00:00:17]} 40. Rd1 {[%clk 00:18:54]} {[%emt
00:00:27]} Kc3 {[%clk 00:03:55]} {[%emt 00:00:51]} 41. Kb1 {[%clk 00:18:42]}
{[%emt 00:00:22]} b4 {[%clk 00:03:17]} {[%emt 00:00:48]} 42. Rc1+ {[%clk
00:18:30]} {[%emt 00:00:22]} Kb3 {[%clk 00:03:12]} {[%emt 00:00:15]} 43. Bf7+
{[%clk 00:18:05]} {[%emt 00:00:35]} Ka3 {[%clk 00:02:59]} {[%emt 00:00:23]} 44.
Rc2 {[%clk 00:17:07]} {[%emt 00:01:07]} Rg1+ {[%clk 00:02:32]} {[%emt
00:00:37]} 45. Rc1 {[%clk 00:17:11]} {[%emt 00:00:06]} Rxg4 {[%clk 00:01:54]}
{[%emt 00:00:48]} 46. Rc6 {[%clk 00:16:26]} {[%emt 00:00:55]} Ka4 {[%clk
00:01:17]} {[%emt 00:00:48]} 47. Be8 {[%clk 00:16:23]} {[%emt 00:00:12]} Ka5
{[%clk 00:00:56]} {[%emt 00:00:31]} 48. f6 {[%clk 00:16:27]} {[%emt 00:00:06]}
Bf8 {[%clk 00:00:58]} {[%emt 00:00:08]} 49. Rc8 {[%clk 00:16:05]} {[%emt
00:00:32]} Rg1+ {[%clk 00:01:03]} {[%emt 00:00:05]} 50. Kb2 {[%clk 00:16:06]}
{[%emt 00:00:09]} Rf1 {[%clk 00:00:41]} {[%emt 00:00:32]} 51. Rc6 {[%clk
00:15:47]} {[%emt 00:00:29]} Rxf6 {[%clk 00:00:37]} {[%emt 00:00:13]} 52. Rxf6
{[%clk 00:15:54]} {[%emt 00:00:03]} Bg7 {[%clk 00:00:46]} {[%emt 00:00:01]} 53.
Kb3 {[%clk 00:15:40]} {[%emt 00:00:25]} Bxf6 {[%clk 00:00:55]} {[%emt
00:00:01]} 54. Bh5 {[%clk 00:15:48]} {[%emt 00:00:02]} Kb5 {[%clk 00:01:01]}
{[%emt 00:00:04]} 55. Kc2 {[%clk 00:15:55]} {[%emt 00:00:02]} Ka4 {[%clk
00:01:06]} {[%emt 00:00:05]} 56. Kb1 {[%clk 00:16:03]} {[%emt 00:00:02]} b3
{[%clk 00:01:10]} {[%emt 00:00:07]} 57. Bg4 {[%clk 00:16:11]} {[%emt 00:00:02]}
b2 {[%clk 00:01:17]} {[%emt 00:00:03]} 58. Bh5 {[%clk 00:16:20]} {[%emt
00:00:01]} Kb4 {[%clk 00:01:26]} 59. Bg4 {[%clk 00:16:28]} {[%emt 00:00:01]}
Kc3 {[%clk 00:01:34]} {[%emt 00:00:01]} 60. Bh5 {[%clk 00:16:37]} {[%emt
00:00:02]} Kd4 {[%clk 00:01:43]} {[%emt 00:00:01]} 61. Bg4 {[%clk 00:16:45]}
Ke3 {[%clk 00:01:52]} {[%emt 00:00:01]} 62. Bh5 {[%clk 00:16:54]} {[%emt
00:00:02]} Kf4 {[%emt 00:00:09]} 63. Be2 {[%clk 00:16:54]} {[%emt 00:00:02]} g4
{[%clk 00:02:09]} {[%emt 00:00:02]} 64. Bf1 {[%clk 00:17:02]} {[%emt 00:00:01]}
g3 {[%clk 00:02:18]} 65. Bg2 {[%clk 00:17:10]} {[%emt 00:00:03]} h5 {[%clk
00:02:27]} {[%emt 00:00:01]} 66. Bh3 {[%clk 00:17:18]} {[%emt 00:00:02]} Kf3
{[%clk 00:02:35]} {[%emt 00:00:01]} 67. Bf1 {[%clk 00:17:26]} {[%emt 00:00:02]}
Kf2 {[%clk 00:02:45]} {[%emt 00:00:01]} 68. Bh3 {[%clk 00:17:35]} {[%emt
00:00:02]} g2 {[%clk 00:02:53]} {[%emt 00:00:02]} 69. Bxg2 {[%clk 00:17:43]}
{[%emt 00:00:02]} Kxg2 {[%clk 00:03:01]} {[%emt 00:00:01]} 0-1

[Event "English Schools Championship Final 2024"]
[Site "Nottingham University Kings Meadow Campus, United Kingdom"]
[Date "2024.06.27"]
[Round "1.30"]
[White "Yi, Louis"]
[Black "Pylypenko, Danylo"]
[Result "1-0"]
[TimeControl "G50' + 10\" per move."]
[WhiteFideId "343418627"]
[WhiteElo "1728"]
[BlackElo "1511"]

1. e4 {[%clk 00:50:17]} {[%emt 00:00:02]} e5 {[%clk 00:50:09]} {[%emt
00:00:11]} 2. Nf3 {[%clk 00:50:22]} {[%emt 00:00:05]} Nc6 {[%clk 00:49:55]}
{[%emt 00:00:25]} 3. Bc4 {[%clk 00:50:22]} {[%emt 00:00:09]} Bc5 {[%clk
00:49:46]} {[%emt 00:00:20]} 4. d3 {[%clk 00:50:19]} {[%emt 00:00:13]} h6
{[%clk 00:49:02]} {[%emt 00:00:53]} 5. O-O {[%clk 00:49:07]} {[%emt 00:01:22]}
Nf6 {[%clk 00:48:50]} {[%emt 00:00:23]} 6. c3 {[%clk 00:48:35]} {[%emt
00:00:41]} d6 {[%clk 00:47:26]} {[%emt 00:01:34]} 7. a4 {[%clk 00:47:24]}
{[%emt 00:01:20]} a5 {[%clk 00:46:07]} {[%emt 00:01:30]} 8. h3 {[%clk
00:46:14]} {[%emt 00:01:20]} Qe7 {[%clk 00:44:47]} {[%emt 00:01:30]} 9. Re1
{[%clk 00:44:00]} {[%emt 00:02:23]} Be6 {[%clk 00:44:16]} {[%emt 00:00:43]} 10.
Bxe6 {[%clk 00:42:59]} {[%emt 00:01:11]} Qxe6 {[%clk 00:43:58]} {[%emt
00:00:27]} 11. d4 {[%clk 00:42:20]} {[%emt 00:00:49]} exd4 {[%clk 00:43:15]}
{[%emt 00:00:54]} 12. cxd4 {[%clk 00:40:26]} {[%emt 00:02:04]} Bb4 {[%clk
00:42:17]} {[%emt 00:01:08]} 13. d5 {[%clk 00:36:52]} {[%emt 00:03:43]} Qc8
{[%clk 00:40:57]} {[%emt 00:01:30]} 14. Bd2 {[%clk 00:34:48]} {[%emt 00:02:14]}
Ne7 {[%clk 00:39:07]} {[%emt 00:02:01]} 15. Bxb4 {[%clk 00:33:10]} {[%emt
00:01:49]} axb4 {[%clk 00:38:31]} {[%emt 00:00:45]} 16. Qd4 {[%clk 00:31:39]}
{[%emt 00:01:40]} O-O {[%clk 00:37:59]} {[%emt 00:00:42]} 17. Qxb4 {[%clk
00:30:42]} {[%emt 00:01:07]} Re8 {[%clk 00:36:24]} {[%emt 00:01:46]} 18. Nc3
{[%clk 00:30:12]} {[%emt 00:00:39]} c6 {[%clk 00:35:38]} {[%emt 00:00:57]} 19.
Qxd6 {[%clk 00:29:10]} {[%emt 00:01:12]} cxd5 {[%clk 00:33:17]} {[%emt
00:02:32]} 20. Nxd5 {[%clk 00:26:06]} {[%emt 00:03:14]} Nfxd5 {[%clk 00:32:01]}
{[%emt 00:01:26]} 21. exd5 {[%clk 00:25:53]} {[%emt 00:00:22]} Nf5 {[%clk
00:31:30]} {[%emt 00:00:39]} 22. Rxe8+ {[%clk 00:25:14]} {[%emt 00:00:51]} Qxe8
{[%clk 00:31:21]} {[%emt 00:00:18]} 23. Qf4 {[%clk 00:24:34]} {[%emt 00:00:50]}
Qd7 {[%clk 00:29:57]} {[%emt 00:01:35]} 24. g4 {[%clk 00:22:47]} {[%emt
00:01:56]} Ne7 {[%clk 00:28:54]} {[%emt 00:01:13]} 25. d6 {[%clk 00:20:02]}
{[%emt 00:02:55]} Nd5 {[%clk 00:28:42]} {[%emt 00:00:23]} 26. Qe5 {[%clk
00:19:17]} {[%emt 00:00:53]} Nb6 {[%clk 00:26:01]} {[%emt 00:02:53]} 27. b3
{[%clk 00:18:18]} {[%emt 00:01:09]} Ra6 {[%clk 00:23:53]} {[%emt 00:02:18]} 28.
Rc1 {[%clk 00:16:44]} {[%emt 00:01:43]} Nc8 {[%clk 00:22:15]} {[%emt 00:01:46]}
29. Rc7 {[%clk 00:15:55]} {[%emt 00:00:59]} Qxd6 {[%clk 00:21:33]} {[%emt
00:00:53]} 30. Rxc8+ {[%clk 00:15:11]} {[%emt 00:00:54]} Kh7 {[%clk 00:21:29]}
{[%emt 00:00:15]} 31. Qf5+ {[%clk 00:14:25]} {[%emt 00:00:55]} Qg6 {[%clk
00:20:52]} {[%emt 00:00:48]} 32. Qxg6+ {[%clk 00:14:12]} {[%emt 00:00:23]} Rxg6
{[%emt 00:00:17]} 33. Rc7 {[%emt 00:00:13]} h5 {[%clk 00:19:12]} {[%emt
00:01:20]} 34. g5 {[%clk 00:13:33]} {[%emt 00:00:48]} f6 {[%clk 00:18:40]}
{[%emt 00:00:42]} 35. h4 {[%clk 00:13:22]} {[%emt 00:00:21]} fxg5 {[%clk
00:18:29]} {[%emt 00:00:21]} 36. Nxg5+ {[%clk 00:13:11]} {[%emt 00:00:21]} Kh6
{[%clk 00:18:02]} {[%emt 00:00:37]} 37. Rxb7 {[%clk 00:13:08]} {[%emt
00:00:13]} Ra6 {[%clk 00:17:16]} {[%emt 00:00:56]} 38. Rb5 {[%clk 00:12:40]}
{[%emt 00:00:38]} Kg6 {[%clk 00:16:49]} {[%emt 00:00:38]} 39. a5 {[%clk
00:12:27]} {[%emt 00:00:22]} Kf6 {[%clk 00:16:50]} {[%emt 00:00:07]} 40. Rb6+
{[%clk 00:12:31]} {[%emt 00:00:08]} Rxb6 {[%clk 00:16:36]} {[%emt 00:00:25]} 41.
axb6 {[%clk 00:12:34]} {[%emt 00:00:07]} Kf5 {[%clk 00:16:16]} {[%emt
00:00:30]} 42. b7 {[%clk 00:12:36]} {[%emt 00:00:08]} g6 {[%clk 00:15:19]}
{[%emt 00:01:09]} 43. b8=Q {[%emt 00:00:17]} Kg4 {[%emt 00:00:33]} 44. Qf8
{[%clk 00:10:48]} {[%emt 00:01:06]} Kxh4 {[%clk 00:15:14]} {[%emt 00:00:15]} 45.
Qf4# {[%clk 00:10:50]} {[%emt 00:00:08]} 1-0